Advanced educational psychology. (Record no. 11903)
[ view plain ]
| 000 -LEADER | |
|---|---|
| fixed length control field | 00734cam a22002412 4500 |
| 001 - CONTROL NUMBER | |
| control field | 0000003558 |
| 005 - DATE AND TIME OF LATEST TRANSACTION | |
| control field | 20151217155206.0 |
| 008 - FIXED-LENGTH DATA ELEMENTS--GENERAL INFORMATION | |
| fixed length control field | 070509s xx 000 0 eng d |
| 020 ## - INTERNATIONAL STANDARD BOOK NUMBER | |
| International Standard Book Number | 0706999002 : |
| Terms of availability | KES 455 |
| 040 ## - CATALOGING SOURCE | |
| Original cataloging agency | KABU |
| Transcribing agency | KABU |
| 050 #0 - LIBRARY OF CONGRESS CALL NUMBER | |
| Classification number | LB1051 |
| Item number | .C43 1996 |
| 100 1# - MAIN ENTRY--PERSONAL NAME | |
| Personal name | Chauhan, S. S. |
| -- | 0000153558 |
| 245 10 - TITLE STATEMENT | |
| Title | Advanced educational psychology. |
| 250 ## - EDITION STATEMENT | |
| Edition statement | 6th Rev. ed. |
| 260 ## - PUBLICATION, DISTRIBUTION, ETC. (IMPRINT) | |
| Place of publication, distribution, etc. | New Delhi : |
| Name of publisher, distributor, etc. | Vikas Publ., |
| Date of publication, distribution, etc. | 1976. |
| 300 ## - PHYSICAL DESCRIPTION | |
| Extent | viii, 542 p. |
| 650 #0 - SUBJECT ADDED ENTRY--TOPICAL TERM | |
| Topical term or geographic name as entry element | Educational psychology. |
| -- | 0000153557 |
| 908 ## - PUT COMMAND PARAMETER (RLIN) | |
| Put command parameter | 070509 |
| 950 ## - LOCAL HOLDINGS (RLIN) | |
| -- | 1 |
| Withdrawn status | Lost status | Source of classification or shelving scheme | Not for loan | Home library | Current library | Date acquired | Total Checkouts | Full call number | Barcode | Date last seen | Date last checked out | Price effective from | Koha item type | Total Renewals | Checked out |
|---|---|---|---|---|---|---|---|---|---|---|---|---|---|---|---|
| Library of Congress Classification | Kabarak, Main Campus | Kabarak, Main Campus | 17/12/2015 | 3 | LB1051 .C43 1996 c. 3 | 006891 | 09/04/2016 | 29/03/2016 | 17/12/2015 | General Collection | |||||
| Library of Congress Classification | Kabarak, Main Campus | Kabarak, Main Campus | 17/12/2015 | 12 | LB1051 .C43 1996 c. 1 | 010226 | 25/07/2022 | 21/07/2022 | 17/12/2015 | General Collection | 2 | ||||
| Library of Congress Classification | Kabarak, Main Campus | Kabarak, Main Campus | 17/12/2015 | 13 | LB1051 .C43 1996 c. 2 | 010676 | 29/01/2022 | 29/01/2022 | 17/12/2015 | General Collection | 2 | 15/02/2022 |